000 00311nam a22001337a 4500
003 OSt
008 150208b xxu||||| |||| 00| 0 eng d
100 1 _aRalls, Karen
020 _aTemplars and the Gra
041 _aeng
245 1 0 _aTemplars and the Grail, The
246 1 0 _aKnights of the Quest
300 _a0 pages
999 _c638
_d638